Statystyki dla Kraje najbliższe Estonii

Kliknij tutaj aby rozwiązać quiz!

Ogólne statystyki

  • Ten quiz został rozwiązany 342 razy
  • Średni wynik to 18 z 20

Statystyki odpowiedzi

kmkraj% Poprawnych
0Łotwa
100%
396Polska
100%
0Rosja
100%
47Finlandia
99%
152Litwa
99%
636Niemcy
98%
554Norwegia
98%
150Szwecja
98%
157Białoruś
97%
890Czechy
97%
939Słowacja
97%
622Ukraina
96%
523Dania
92%
1041Węgry
89%
1076Austria
88%
1013Mołdawia
79%
1030Rumunia
79%
1067Holandia
76%
1283Belgia
75%
1288Słowenia
70%

Rozkład punktacji

Percentyl według liczby udzielonych odpowiedzi

Procent ludzi z każdym wynikiem

Twoja historia wyników

Nie rozwiązałeś tego quizu